000 01254nam a2200313 a 4500
001 ebr10430708
003 CaPaEBR
006 m u
007 cr cn|||||||||
008 100305s2010 maua sb 001 0 eng
010 _z 2010007373
020 _z9780984247103 (pbk.)
040 _aCaPaEBR
_cCaPaEBR
035 _a(OCoLC)650279289
050 1 4 _aP94.6
_b.S479 2010eb
082 0 4 _a303.48/2 22
100 1 _aShaules, Joseph.
245 1 2 _aA beginner's guide to the deep culture experience
_h[electronic resource] :
_bbeneath the surface /
_cJoseph Shaules.
260 _aBoston :
_bIntercultural Press,
_c2010.
300 _ax, 186 p. :
_bill.
504 _aIncludes bibliographical references (p. 171-174) and index.
533 _aElectronic reproduction.
_bPalo Alto, Calif. :
_cebrary,
_d2013.
_nAvailable via World Wide Web.
_nAccess may be limited to ebrary affiliated libraries.
650 0 _aIntercultural communication.
650 0 _aMulticultural education.
650 0 _aLanguage and languages
_xStudy and teaching.
655 7 _aElectronic books.
_2local
710 2 _aebrary, Inc.
856 4 0 _uhttp://site.ebrary.com/lib/rucke/Doc?id=10430708
_zAn electronic book accessible through the World Wide Web; click to view
999 _c233480
_d233480